Emilio Castelar: (Record no. 95670)

MARC details
000 -LEADER
campo de control de longitud fija 00753nam a2200229 i 4500
001 - NÚMERO DE CONTROL
campo de control 95670
003 - IDENTIFICADOR DE NÚMERO DE CONTROL
campo de control ES-MaACL
005 - FECHA Y HORA DE LA ÚLTIMA TRANSACCIÓN
campo de control 20250704062545.0
007 - CAMPO FIJO DE DESCRIPCIÓN FÍSICA--INFORMACIÓN GENERAL
campo de control de longitud fija t|
008 - DATOS DE LONGITUD FIJA--INFORMACIÓN GENERAL
campo de control de longitud fija 050602s1966 sp ||||1| spa d
100 1# - ENTRADA PRINCIPAL--NOMBRE DE PERSONA
Nombre de persona Llorca, Carmen,
Fechas asociadas al nombre 1921-1998
9 (RLIN) 181902
245 10 - MENCIÓN DEL TÍTULO
Título Emilio Castelar:
Resto del título precursor de la democracia cristiana /
Mención de responsabilidad, etc. Carmen Llorca.
260 ## - PUBLICACIÓN, DISTRIBUCIÓN, ETC.
Lugar de publicación, distribución, etc. Madrid :
Nombre del editor, distribuidor, etc. Biblioteca Nueva,
Fecha de publicación, distribución, etc. 1966.
300 ## - DESCRIPCIÓN FÍSICA
Extensión 382 p., 6 lám. ;
Dimensiones 24 cm.
505 2# - NOTA DE CONTENIDO CON FORMATO
Nota de contenido con formato Castelar y sus lecciones en el Ateneo, p. 45-49
600 14 - PUNTO DE ACCESO ADICIONAL DE MATERIA--NOMBRE DE PERSONA
Nombre de persona Castelar, Emilio,
Fechas asociadas al nombre 1832-1899
9 (RLIN) 36479
610 24 - PUNTO DE ACCESO ADICIONAL DE MATERIA--NOMBRE DE ENTIDAD CORPORATIVA
Nombre de entidad corporativa o nombre de jurisdicción como elemento de entrada Ateneo de Madrid-
Subdivisión de forma Conferencias-
Subdivisión cronológica S.XIX.
9 (RLIN) 1910
610 24 - PUNTO DE ACCESO ADICIONAL DE MATERIA--NOMBRE DE ENTIDAD CORPORATIVA
Nombre de entidad corporativa o nombre de jurisdicción como elemento de entrada Ateneo de Madrid-
Subdivisión de forma Historia
9 (RLIN) 1925
852 ## - LOCALIZACIÓN
Ubicación ES-MaACL
Número de control de estantería E-5281
852 ## - LOCALIZACIÓN
Ubicación ES-MaACL
Número de control de estantería C-30203
Holdings
Estatus retirado Estado de pérdida Estado de daño No para préstamo Colección Biblioteca de origen Biblioteca actual Ubicación en estantería Fecha de adquisición Fuente de adquisición Total de préstamos Signatura topográfica completa Código de barras Visto por última vez Precio de reemplazo Tipo de ítem Koha
        Fondo Ateneo de Madrid Biblioteca del Ateneo de Madrid Biblioteca del Ateneo de Madrid Depósito 2 17/01/2008     C-30203 1099899 23/02/2023 23/02/2023 Libro impreso
        Fondo Ateneo de Madrid Biblioteca del Ateneo de Madrid Biblioteca del Ateneo de Madrid Depósito 2 17/01/2008     E-5281 1099898 23/02/2023 23/02/2023 Libro impreso